Funkcie predlžiek v spisovnej slovenčine

Bibliographic Details
Main Author: Jóna, Eugen, 1909-2004 (Author)
Format: Article
Language:Slovak
Subjects:

MARC

LEADER 00000nab a2200000 a 4500
001 vtls009172616
003 SK-MaSNL
005 20260304152448.0
008 250506c1944 xo |r|p||||||||00 b|slo
015 |a SNBRB2008/01  |2 snkbucl 
035 |a (uuid)68f9f16d-aa7f-47d3-918b-7c329d45963e 
035 |a urn:nbn:sk:snk-ab1qox 
035 |a (urnnbn)urn:nbn:sk:snk:ar-00504q 
038 |a SNKBUCL 
040 |a SNKBUCL  |b slo  |c SNKBUCL  |e AACR2 
041 0 |a slo 
044 |a xo  |c SK 
080 |a 811.162.4'367.633  |2 2001 
080 |a 81'367.633:811.162.4  |2 2001 
100 1 |a Jóna, Eugen,  |d 1909-2004  |4 aut  |9 101165 
245 1 0 |a Funkcie predlžiek v spisovnej slovenčine  |c Eugen Jóna 
500 |a Začiatok 
504 |a Bibliogr. odkazy 
650 0 7 |a slovenčina  |2 snkbucl  |9 1350 
650 0 7 |a spisovná slovenčina  |2 snkbucl  |9 66941 
650 0 7 |a predložky (lingvistika)  |2 snkbucl  |9 66430 
773 0 |t Slovenská reč  |g Roč. XI, č. 8-9 (1943/1944), s. 262-274 
850 |a Slovenská národná knižnica 
852 |a Slovenská národná knižnica 
954 |a odborná, vedecká literatúra pôvodná (slovenská)  |2 lita 
958 |a article27 
958 |a NB 
958 |a OND 
958 |a EUIPO 
999 |c 2949140  |d 2951070